Creepy creatures (Record no. 28740)

MARC details
000 -LEADER
fixed length control field 00520nam a22002057a 4500
001 - CONTROL NUMBER
control field sjds
003 - CONTROL NUMBER IDENTIFIER
control field sjds
005 - DATE AND TIME OF LATEST TRANSACTION
control field 20240113115057.0
008 - FIXED-LENGTH DATA ELEMENTS--GENERAL INFORMATION
fixed length control field 240113b |||||||| |||| 00| 0 eng d
020 ## - INTERNATIONAL STANDARD BOOK NUMBER
International Standard Book Number 9781588655615
020 ## - INTERNATIONAL STANDARD BOOK NUMBER
International Standard Book Number 158865561X
040 ## - CATALOGING SOURCE
Transcribing agency sjds
041 ## - LANGUAGE CODE
Language code of text/sound track or separate title eng
100 10 - MAIN ENTRY--PERSONAL NAME
Personal name Acker, Kerry
245 10 - TITLE STATEMENT
Title Creepy creatures
Statement of responsibility, etc. Kerry Acker
260 ## - PUBLICATION, DISTRIBUTION, ETC. (IMPRINT)
Place of publication, distribution, etc. Chicago, Ill. :
Name of publisher, distributor, etc. Kidsbooks, Chicago, Ill.,
Date of publication, distribution, etc. c2009.
300 ## - PHYSICAL DESCRIPTION
Extent 76 pages :
Other physical details color illustrations ;
Dimensions 31 cm
440 ## - SERIES STATEMENT/ADDED ENTRY--TITLE
Title Eyes on nature
942 ## - ADDED ENTRY ELEMENTS (KOHA)
Koha item type Libro/Book

No items available.

Powered by Koha